000 00413nam a2200181Ia 4500
001 392
005 20260306140514.0
008 260306t2006||||xx |||||||||||||| ||spa||
041 _aESP
082 _a110
_bG82
100 _aGrondin, Jean
_eAUT
245 0 _aIntroducción a la metafísica
260 _c2006
300 _a400 páginas :
_c24 cm.
650 _aGEN
654 _aCHU
942 _cLIB
_dJUS
_fJUS
_2ddc
_n
999 _c392
_d392